[Event "5MCR_4D_1L_2S"]
[Site "?"]
[Date "2002.??.??"]
[Round "?"]
[White "Dedina, Miroslav"]
[Black "Alexa, Jaroslav"]
[Result "1/2-1/2"]
[WhiteElo "2285"]
[BlackElo "2365"]
[PlyCount "74"]
[EventDate "2002.??.??"]
[EventType "corr"]
[SourceDate "2004.??.??"]

1. Nf3 d5 2. e3 Nf6 3. d4 Bf5 4. c4 c6 5. Nc3 e6 6. Nh4 Be4 7. f3 Bg6 8. Nxg6
hxg6 9. Bd3 Bd6 10. f4 dxc4 11. Bxc4 Nbd7 12. Qf3 Nb6 13. Bd3 Nfd5 14. a3 g5
15. fxg5 Nxc3 16. bxc3 Qxg5 17. g3 Qh5 18. Qxh5 Rxh5 19. Kf2 Be7 20. h4 O-O-O
21. Kg2 c5 22. a4 Nd5 23. Bd2 f5 24. e4 fxe4 25. Bxe4 cxd4 26. cxd4 Bf6 27. Bf3
Rhh8 28. Rac1+ Kd7 29. Rhe1 Bxd4 30. Bg4 Rhe8 31. Rc4 Bf6 32. Rce4 Kc7 33. Bxe6
Kb8 34. Rc1 Rd6 35. Bg4 Red8 36. Bf3 Rc8 37. h5 Nc3 1/2-1/2

[Event "5MCR_4D_1L_2S"]
[Site "?"]
[Date "2002.??.??"]
[Round "?"]
[White "Dedina, Miroslav"]
[Black "Gresek, Jaromir"]
[Result "1/2-1/2"]
[WhiteElo "2285"]
[BlackElo "2015"]
[PlyCount "100"]
[EventDate "2002.??.??"]
[EventType "corr"]
[SourceDate "2004.??.??"]

1. Nf3 c5 2. c4 Nf6 3. g3 b6 4. Bg2 Bb7 5. Nc3 e6 6. O-O Be7 7. d4 cxd4 8. Qxd4
d6 9. b3 Nbd7 10. Bb2 a6 11. e4 O-O 12. Qe3 Qc7 13. Nd4 Rfe8 14. Rfe1 Bf8 15.
h3 Rad8 16. Rad1 Nc5 17. Re2 d5 18. cxd5 exd5 19. e5 Qb8 20. f3 Ne6 21. Kh2
Nxd4 22. Qxd4 Bc5 23. Qf4 d4 24. exf6 Qxf4 25. gxf4 dxc3 26. Bxc3 g6 27. f5
gxf5 28. b4 Bf8 29. Rxd8 Rxd8 30. f4 Bxg2 31. Rxg2+ Kh8 32. a3 h6 33. h4 h5 34.
Be5 Kh7 35. Bc7 Rd4 36. Bxb6 Rxf4 37. Kh3 Rc4 38. Rg5 Rc3+ 39. Kg2 Rxa3 40.
Rxf5 Bxb4 41. Rg5 Kh6 42. Rg7 Bd6 43. Rxf7 Be5 44. Bd8 Rg3+ 45. Kf1 Rd3 46. Rf8
Rd4 47. Re8 Rf4+ 48. Ke2 Bxf6 49. Bxf6 Rxf6 50. Re5 Rb6 1/2-1/2

[Event "5MCR_4D_1L_2S"]
[Site "?"]
[Date "2002.??.??"]
[Round "?"]
[White "Dedina, Miroslav"]
[Black "Janous, Petr"]
[Result "1/2-1/2"]
[WhiteElo "2285"]
[BlackElo "2295"]
[PlyCount "51"]
[EventDate "2002.??.??"]
[EventType "corr"]
[SourceDate "2004.??.??"]

1. Nf3 d5 2. e3 Nf6 3. d4 e6 4. c4 c6 5. Nc3 Nbd7 6. Qc2 Bd6 7. Be2 O-O 8. O-O
Re8 9. b3 Qe7 10. Bb2 b6 11. e4 dxe4 12. Nxe4 Nxe4 13. Qxe4 Bb7 14. Ne5 f5 15.
Qf3 Nxe5 16. dxe5 Bc5 17. Rfd1 Red8 18. Qg3 Rxd1+ 19. Rxd1 Rd8 20. Rxd8+ Qxd8
21. Qd3 Qxd3 22. Bxd3 a5 23. h3 Kf7 24. g4 Bc8 25. Kg2 g5 26. Kf3 1/2-1/2

[Event "5MCR_4D_1L_2S"]
[Site "?"]
[Date "2002.??.??"]
[Round "?"]
[White "Dedina, Miroslav"]
[Black "Jirkovsky, Tomas"]
[Result "1-0"]
[WhiteElo "2285"]
[BlackElo "2180"]
[PlyCount "85"]
[EventDate "2002.??.??"]
[EventType "corr"]
[SourceDate "2004.??.??"]

1. Nf3 Nf6 2. e3 g6 3. d4 Bg7 4. c4 O-O 5. Nc3 d6 6. Be2 c5 7. O-O Nc6 8. d5
Na5 9. e4 e5 10. a3 b6 11. b4 Nb7 12. Bg5 h6 13. Bd2 Ne8 14. Qc1 Kh7 15. Qc2 f5
16. Bd3 f4 17. h3 g5 18. Nh2 Nf6 19. Be2 h5 20. Qd1 Qe8 21. Nb5 Qf7 22. bxc5
bxc5 23. Rb1 Rh8 24. Nf3 Bh6 25. h4 g4 26. Ng5+ Bxg5 27. hxg5 Ne8 28. Nc3 Qg6
29. Bd3 Nd8 30. g3 f3 31. Kh2 Kg7 32. Rh1 Bd7 33. Kg1 Nf7 34. Rh4 Kf8 35. Qb3
Rc8 36. Qb7 Rc7 37. Qa8 Nxg5 38. Rb8 Nh3+ 39. Kf1 Qf6 40. Nd1 Nf4 41. Bc2 Ng2
42. Ba5 Nxh4 43. Bxc7 1-0

[Event "5MCR_4D_1L_2S"]
[Site "?"]
[Date "2002.??.??"]
[Round "?"]
[White "Dedina, Miroslav"]
[Black "Plesek, Jiri"]
[Result "1/2-1/2"]
[WhiteElo "2285"]
[BlackElo "2400"]
[PlyCount "68"]
[EventDate "2002.??.??"]
[EventType "corr"]
[SourceDate "2004.??.??"]

1. Nf3 Nf6 2. e3 d5 3. d4 e6 4. c4 Be7 5. Nc3 O-O 6. b3 c5 7. Bb2 cxd4 8. Nxd4
Qa5 9. a3 dxc4 10. Bxc4 e5 11. Nf3 Bg4 12. Qb1 Nbd7 13. O-O Bh5 14. Rd1 Bxf3
15. gxf3 Rad8 16. Qf5 g6 17. Qh3 Nb8 18. b4 Rxd1+ 19. Rxd1 Qc7 20. Bb3 Rd8 21.
Rxd8+ Qxd8 22. Qf1 Bf8 23. Qc4 Qe7 24. Qc8 Nc6 25. b5 Nd8 26. Nd5 Nxd5 27. Bxd5
h5 28. a4 b6 29. Bxe5 Qxe5 30. Qxd8 Kg7 31. f4 Be7 32. Qd7 Qf5 33. Qxf5 gxf5
34. Kg2 Bb4 1/2-1/2

[Event "5MCR_4D_1L_2S"]
[Site "?"]
[Date "2002.??.??"]
[Round "?"]
[White "Dedina, Miroslav"]
[Black "Pokrupa, Marek"]
[Result "1-0"]
[WhiteElo "2285"]
[BlackElo "2200"]
[PlyCount "37"]
[EventDate "2002.??.??"]
[EventType "corr"]
[SourceDate "2004.??.??"]

1. Nf3 c5 2. c4 Nc6 3. d4 cxd4 4. Nxd4 g6 5. e4 Bg7 6. Be3 Nf6 7. Nc3 O-O 8.
Be2 b6 9. O-O Bb7 10. f3 e6 11. Ndb5 d5 12. cxd5 exd5 13. exd5 Nb4 14. d6 Nfd5
15. Bf2 Qg5 16. Ne4 Qh6 17. Qb3 a5 18. a4 Rad8 19. Bc4 1-0

[Event "5MCR_4D_1L_2S"]
[Site "?"]
[Date "2002.??.??"]
[Round "?"]
[White "Dedina, Miroslav"]
[Black "Staufcik, Robert"]
[Result "1-0"]
[WhiteElo "2285"]
[BlackElo "2285"]
[PlyCount "99"]
[EventDate "2002.??.??"]
[EventType "corr"]
[SourceDate "2004.??.??"]

1. Nf3 Nf6 2. e3 d5 3. d4 e6 4. c4 Be7 5. Nc3 O-O 6. b3 c5 7. Bb2 cxd4 8. exd4
b6 9. Bd3 Bb7 10. O-O Nc6 11. Re1 Rc8 12. Rc1 Nb4 13. Bf1 Ne4 14. a3 Nxc3 15.
Rxc3 Nc6 16. c5 a5 17. b4 axb4 18. axb4 Nxb4 19. Rb3 Nc6 20. Rxb6 Qc7 21. Bc3
Ra8 22. Qb1 Ra7 23. Bd3 g6 24. Qb5 Nb8 25. Ba5 Nc6 26. Bd2 Rfa8 27. Bf1 Nxd4
28. Nxd4 Bxc5 29. Nxe6 fxe6 30. Rbxe6 Ba6 31. Re8+ Kg7 32. Qb2+ d4 33. Rxa8
Rxa8 34. Bxa6 Rxa6 35. Qc1 Ra8 36. Bf4 Qb6 37. Be5+ Kg8 38. Qc4+ Kf8 39. Bf4
Kg7 40. h4 d3 41. Be5+ Kf8 42. Re4 Ra5 43. Rf4+ Ke8 44. Qf7+ Kd8 45. Bf6+ Kc8
46. Qe8+ Kb7 47. Bc3 Bd6 48. Rf7+ Bc7 49. Qe4+ Kb8 50. Rf8+ 1-0

[Event "5MCR_4D_1L_2S"]
[Site "?"]
[Date "2002.??.??"]
[Round "?"]
[White "Efler, David"]
[Black "Alexa, Jaroslav"]
[Result "0-1"]
[WhiteElo "2195"]
[BlackElo "2365"]
[PlyCount "28"]
[EventDate "2002.??.??"]
[EventType "corr"]
[SourceDate "2004.??.??"]

1. e4 c5 2. Nf3 Nc6 3. d4 cxd4 4. Nxd4 Nf6 5. Nc3 d6 6. Bg5 e6 7. Qd2 a6 8.
O-O-O h6 9. Be3 Bd7 10. f3 b5 11. Nxc6 Bxc6 12. Ne2 Qc7 13. Nd4 Bb7 14. g4 Rc8
0-1

[Event "5MCR_4D_1L_2S"]
[Site "?"]
[Date "2002.??.??"]
[Round "?"]
[White "Efler, David"]
[Black "Dedina, Miroslav"]
[Result "1/2-1/2"]
[WhiteElo "2195"]
[BlackElo "2285"]
[PlyCount "77"]
[EventDate "2002.??.??"]
[EventType "corr"]
[SourceDate "2004.??.??"]

1. e4 e6 2. d4 d5 3. Nd2 Nf6 4. e5 Nfd7 5. Bd3 c5 6. c3 Nc6 7. Ne2 cxd4 8. cxd4
f6 9. exf6 Nxf6 10. Nf3 Bd6 11. O-O O-O 12. Bf4 Bxf4 13. Nxf4 Qc7 14. Ne2 e5
15. dxe5 Nxe5 16. Nxe5 Qxe5 17. Qb3 Bf5 18. Bxf5 Qxf5 19. Qxb7 Qe5 20. Nc3 Rae8
21. h3 d4 22. Na4 Nh5 23. Rae1 Qf5 24. Rxe8 Rxe8 25. Qxa7 Nf4 26. Qb7 h6 27.
Kh2 Re2 28. Qf3 d3 29. Rb1 Qe5 30. Nc3 Nd5+ 31. Qg3 Qxg3+ 32. Kxg3 Nxc3 33.
bxc3 Rxa2 34. Rd1 d2 35. Kf4 Rc2 36. Ke5 Rxc3 37. Rxd2 Kf7 38. f3 Rc5+ 39. Rd5
1/2-1/2

[Event "5MCR_4D_1L_2S"]
[Site "?"]
[Date "2002.??.??"]
[Round "?"]
[White "Efler, David"]
[Black "Janous, Petr"]
[Result "1/2-1/2"]
[WhiteElo "2195"]
[BlackElo "2295"]
[PlyCount "61"]
[EventDate "2002.??.??"]
[EventType "corr"]
[SourceDate "2004.??.??"]

1. e4 e5 2. Nf3 Nc6 3. Bb5 a6 4. Ba4 Nf6 5. O-O Be7 6. Re1 b5 7. Bb3 O-O 8. c3
d6 9. h3 Nb8 10. d4 Nbd7 11. Nbd2 Bb7 12. Bc2 Re8 13. Nf1 Bf8 14. Ng3 g6 15. a4
c5 16. d5 c4 17. Bg5 Qc7 18. Qd2 Bg7 19. Bh6 Bxh6 20. Qxh6 Reb8 21. axb5 axb5
22. Qg5 Qd8 23. Nd2 Nc5 24. Ndf1 Ne8 25. Qh6 Rxa1 26. Rxa1 Ra8 27. Rxa8 Qxa8
28. Qg5 f6 29. Qc1 Ng7 30. Ne3 Bc8 31. Qb1 1/2-1/2

[Event "5MCR_4D_1L_2S"]
[Site "?"]
[Date "2002.??.??"]
[Round "?"]
[White "Efler, David"]
[Black "Jirk, Ales"]
[Result "1/2-1/2"]
[WhiteElo "2195"]
[BlackElo "2210"]
[PlyCount "61"]
[EventDate "2002.??.??"]
[EventType "corr"]
[SourceDate "2004.??.??"]

1. e4 e6 2. d4 d5 3. Nd2 Nf6 4. e5 Nfd7 5. Bd3 c5 6. c3 Nc6 7. Ne2 cxd4 8. cxd4
f6 9. exf6 Nxf6 10. Nf3 Bd6 11. O-O Qb6 12. Nc3 O-O 13. a3 Bd7 14. Be3 Qd8 15.
h3 Rc8 16. Qe2 Qe8 17. Rac1 Nh5 18. Qc2 g6 19. Rfe1 Nf4 20. Qd1 Qf7 21. Bxf4
Qxf4 22. Bf1 a6 23. b4 b5 24. Ne2 Qf6 25. Qd2 a5 26. Rb1 axb4 27. axb4 Qg7 28.
Rb3 Ra8 29. Reb1 Ra4 30. R3b2 Kh8 31. Kh1 1/2-1/2

[Event "5MCR_4D_1L_2S"]
[Site "?"]
[Date "2002.??.??"]
[Round "?"]
[White "Efler, David"]
[Black "Jirkovsky, Tomas"]
[Result "1/2-1/2"]
[WhiteElo "2195"]
[BlackElo "2180"]
[PlyCount "74"]
[EventDate "2002.??.??"]
[EventType "corr"]
[SourceDate "2004.??.??"]

1. e4 c6 2. d4 d5 3. exd5 cxd5 4. c4 Nf6 5. Nc3 Nc6 6. Nf3 Bg4 7. cxd5 Nxd5 8.
Qb3 Bxf3 9. gxf3 e6 10. Qxb7 Nxd4 11. Bb5+ Nxb5 12. Qc6+ Ke7 13. Qxb5 Qd7 14.
Nxd5+ Qxd5 15. Bg5+ f6 16. Qxd5 exd5 17. Be3 Ke6 18. O-O-O Bb4 19. a3 Rhc8+ 20.
Kb1 Bc5 21. Rhe1 Bxe3 22. Rxe3+ Kd6 23. Rde1 Rc4 24. Re7 Rh4 25. b4 d4 26. R7e4
Rxe4 27. Rxe4 Kd5 28. Re7 a5 29. b5 a4 30. Rd7+ Kc5 31. Rxg7 Rb8 32. Kc2 Rxb5
33. Ra7 Rb3 34. Ra5+ Kc6 35. Rxa4 Rxf3 36. Rxd4 Rxf2+ 37. Rd2 Rf4 1/2-1/2

[Event "5MCR_4D_1L_2S"]
[Site "?"]
[Date "2002.??.??"]
[Round "?"]
[White "Efler, David"]
[Black "Pokrupa, Marek"]
[Result "1/2-1/2"]
[WhiteElo "2195"]
[BlackElo "2200"]
[PlyCount "71"]
[EventDate "2002.??.??"]
[EventType "corr"]
[SourceDate "2004.??.??"]

1. e4 e6 2. d4 d5 3. Nd2 Nf6 4. e5 Nfd7 5. Bd3 c5 6. c3 Nc6 7. Ne2 Qb6 8. Nf3
cxd4 9. cxd4 f6 10. exf6 Nxf6 11. O-O Bd6 12. b3 Bd7 13. Bf4 Bxf4 14. Nxf4
O-O-O 15. Qe2 Nxd4 16. Rac1+ Nc6 17. Ne5 Rde8 18. Nf7 e5 19. Nxe5 Qc7 20. Nxc6
bxc6 21. Qd2 g5 22. Ne2 Ng4 23. Ng3 h5 24. Qb4 h4 25. h3 hxg3 26. hxg4 gxf2+
27. Kxf2 Ref8+ 28. Ke3 Qg3+ 29. Kd2 Qxg2+ 30. Kc3 Rxf1 31. Rxf1 Qxa2 32. Rf8+
Rxf8 33. Qxf8+ Kc7 34. Bf5 Qa1+ 35. Kc2 Qa2+ 36. Kc3 1/2-1/2

[Event "5MCR_4D_1L_2S"]
[Site "?"]
[Date "2002.??.??"]
[Round "?"]
[White "Efler, David"]
[Black "Staufcik, Robert"]
[Result "0-1"]
[WhiteElo "2195"]
[BlackElo "2285"]
[PlyCount "57"]
[EventDate "2002.??.??"]
[EventType "corr"]
[SourceDate "2004.??.??"]

1. e4 e5 2. Nf3 Nc6 3. Bb5 a6 4. Ba4 Nf6 5. O-O Be7 6. Re1 b5 7. Bb3 d6 8. c3
O-O 9. h3 Na5 10. Bc2 c5 11. d4 cxd4 12. cxd4 exd4 13. Nxd4 Re8 14. Nc3 Bd7 15.
Bf4 Rc8 16. Nd5 Nxd5 17. exd5 Bf6 18. Rxe8+ Qxe8 19. Nf5 Nc4 20. Nxd6 Nxd6 21.
Bxd6 Bxb2 22. Bxh7+ Kxh7 23. Qb1+ Bf5 24. Qxb2 Qe4 25. Qd2 Rc2 26. Qd1 Kg8 27.
Bg3 b4 28. Qh5 a5 29. d6 0-1

[Event "5MCR_4D_1L_2S"]
[Site "?"]
[Date "2002.??.??"]
[Round "?"]
[White "Gresek, Jaromir"]
[Black "Blatsky, Libor"]
[Result "1/2-1/2"]
[WhiteElo "2015"]
[BlackElo "2350"]
[PlyCount "68"]
[EventDate "2002.??.??"]
[EventType "corr"]
[SourceDate "2004.??.??"]

1. e4 c5 2. Nf3 d6 3. d4 cxd4 4. Nxd4 Nf6 5. Nc3 a6 6. Be3 e6 7. Be2 Qc7 8. a4
b6 9. f4 Nbd7 10. Bf3 Bb7 11. Qe2 Nc5 12. Bf2 e5 13. Nd5 Bxd5 14. exd5 e4 15.
g3 Be7 16. Bg2 O-O 17. O-O Nxd5 18. Bxe4 Nxe4 19. Qxe4 Nf6 20. Qc6 Rfc8 21.
Qxc7 Rxc7 22. Nf5 Bf8 23. c3 g6 24. Bd4 Nd5 25. Ne3 Nxe3 26. Bxe3 Rb8 27. f5 b5
28. axb5 axb5 29. Bd4 b4 30. f6 bxc3 31. bxc3 h5 32. Kg2 Rcb7 33. h3 Bh6 34.
Rf2 Rb1 1/2-1/2

[Event "5MCR_4D_1L_2S"]
[Site "?"]
[Date "2002.??.??"]
[Round "?"]
[White "Gresek, Jaromir"]
[Black "Efler, David"]
[Result "1-0"]
[WhiteElo "2015"]
[BlackElo "2195"]
[PlyCount "31"]
[EventDate "2002.??.??"]
[EventType "corr"]
[SourceDate "2004.??.??"]

1. e4 c5 2. Nf3 e6 3. d4 cxd4 4. Nxd4 a6 5. Bd3 Qc7 6. O-O Nf6 7. Qe2 d6 8. c4
g6 9. Nc3 Bg7 10. Rd1 O-O 11. Nf3 Nc6 12. h3 Nd7 13. Bf4 Nce5 14. Rac1 b6 15.
Nxe5 Nxe5 16. Qe3 1-0

[Event "5MCR_4D_1L_2S"]
[Site "?"]
[Date "2002.??.??"]
[Round "?"]
[White "Gresek, Jaromir"]
[Black "Plesek, Jiri"]
[Result "1-0"]
[WhiteElo "2015"]
[BlackElo "2400"]
[PlyCount "107"]
[EventDate "2002.??.??"]
[EventType "corr"]
[SourceDate "2004.??.??"]

1. e4 e5 2. Nf3 Nc6 3. Bb5 a6 4. Ba4 Nf6 5. O-O Be7 6. Re1 b5 7. Bb3 O-O 8. c3
d5 9. exd5 Nxd5 10. Nxe5 Nxe5 11. Rxe5 c6 12. d4 Bd6 13. Re1 Qh4 14. g3 Qh3 15.
Be3 Bg4 16. Qd3 Rae8 17. Nd2 Re6 18. a4 f5 19. axb5 f4 20. Bxf4 Bxf4 21. Rxe6
Bxe6 22. bxa6 Bxd2 23. a7 Ra8 24. Qxd2 Bf7 25. Qe2 Qd7 26. Qa6 Qc7 27. Bc4 Kf8
28. Bxd5 Bxd5 29. c4 Be4 30. Qa3+ Kg8 31. Qc5 Qf7 32. Ra3 h6 33. Qe5 Bg6 34.
Qb8+ Qe8 35. Rb3 Rxa7 36. Qxa7 Qe1+ 37. Kg2 Be4+ 38. Rf3 Qd1 39. Qf7+ Kh7 40.
b3 Qxd4 41. h4 Qd3 42. g4 c5 43. Kg3 Bxf3 44. Qxf3 Qd6+ 45. Qf4 Qb6 46. f3 Kg8
47. g5 Qxb3 48. gxh6 gxh6 49. Qg4+ Kh8 50. Qc8+ Kg7 51. Qxc5 Qb1 52. Qe7+ Kh8
53. c5 Qg1+ 54. Kf4 1-0

[Event "5MCR_4D_1L_2S"]
[Site "?"]
[Date "2002.??.??"]
[Round "?"]
[White "Gresek, Jaromir"]
[Black "Ramik, Jiri"]
[Result "1-0"]
[WhiteElo "2015"]
[BlackElo "2340"]
[PlyCount "75"]
[EventDate "2002.??.??"]
[EventType "corr"]
[SourceDate "2004.??.??"]

1. e4 c6 2. d4 d5 3. e5 Bf5 4. Nf3 e6 5. Be2 Nd7 6. O-O Ne7 7. Be3 Bg6 8. Nh4
Nf5 9. Nxf5 Bxf5 10. Nd2 Be7 11. Bg4 Bg6 12. f4 Qb6 13. Nb3 O-O 14. Qe2 a5 15.
a4 Qa6 16. Qf2 Rae8 17. f5 exf5 18. Bxf5 Nb6 19. Nd2 Bxf5 20. Qxf5 Qa8 21. Rf3
Qc8 22. Qh5 g6 23. Rg3 f5 24. Rxg6+ hxg6 25. Qxg6+ Kh8 26. Bf4 Bb4 27. Qh6+ Kg8
28. c3 Rf7 29. cxb4 Rh7 30. Qd6 axb4 31. Rf1 Nxa4 32. Qxb4 b5 33. Nf3 Nb6 34.
Ng5 Rg7 35. Qd6 Ree7 36. Qf6 Qe8 37. h4 Nc4 38. b3 1-0

[Event "5MCR_4D_1L_2S"]
[Site "?"]
[Date "2002.??.??"]
[Round "?"]
[White "Gresek, Jaromir"]
[Black "Riha, Jan"]
[Result "1-0"]
[WhiteElo "2015"]
[BlackElo "2315"]
[PlyCount "76"]
[EventDate "2002.??.??"]
[EventType "corr"]
[SourceDate "2004.??.??"]

1. e4 e5 2. Nf3 Nf6 3. Nxe5 d6 4. Nf3 Nxe4 5. d4 d5 6. Bd3 Be7 7. O-O Nc6 8. c4
Nf6 9. Nc3 O-O 10. h3 Nb4 11. Be2 dxc4 12. Bxc4 c6 13. a3 Nbd5 14. Re1 Be6 15.
Bd3 h6 16. Bd2 Re8 17. Rxe6 fxe6 18. Bg6 Rf8 19. Qe2 Nc7 20. Re1 Qd7 21. Bb1
Rad8 22. Ne4 Qd5 23. Bf4 Nb5 24. Be5 Rf7 25. a4 Nd6 26. Nc3 Qc4 27. Qc2 Qb4 28.
Bxf6 gxf6 29. Rxe6 Rg7 30. Ne2 Nf7 31. Nf4 Ng5 32. Nxg5 hxg5 33. Ng6 Rd7 34.
Ba2 Rf7 35. Qf5 Qxd4 36. Nxe7+ Rdxe7 37. Rxf6 Re1+ 38. Kh2 Qf4+ 1-0

[Event "5MCR_4D_1L_2S"]
[Site "?"]
[Date "2002.??.??"]
[Round "?"]
[White "Gresek, Jaromir"]
[Black "Svrsek, Radomir"]
[Result "1-0"]
[WhiteElo "2015"]
[BlackElo "2165"]
[PlyCount "51"]
[EventDate "2002.??.??"]
[EventType "corr"]
[SourceDate "2004.??.??"]

1. e4 c6 2. d4 d5 3. e5 Bf5 4. Nf3 e6 5. Be2 c5 6. O-O Nc6 7. c3 cxd4 8. cxd4
Nge7 9. a3 Bg4 10. Nbd2 Qb6 11. b4 Nxd4 12. Nxd4 Qxd4 13. Qa4+ Nc6 14. Nb3 Qxa1
15. Ba6 Qxe5 16. Bxb7 Rb8 17. Bxc6+ Kd8 18. b5 Bd6 19. g3 Qe2 20. Qxa7 Bc7 21.
Be3 Bh3 22. Rc1 Rc8 23. Nd4 Qg4 24. Bb7 Qe4 25. Bg5+ Ke8 26. f3 1-0

[Event "5MCR_4D_1L_2S"]
[Site "?"]
[Date "2002.??.??"]
[Round "?"]
[White "Gresek, Jaromir"]
[Black "Trexler, Evzen"]
[Result "1/2-1/2"]
[WhiteElo "2015"]
[BlackElo "2365"]
[PlyCount "102"]
[EventDate "2002.??.??"]
[EventType "corr"]
[SourceDate "2004.??.??"]

1. Nf3 d5 2. d4 e6 3. c4 c6 4. Qc2 dxc4 5. Qxc4 Nf6 6. Nc3 b5 7. Qd3 a6 8. e4
c5 9. dxc5 Qxd3 10. Bxd3 Bxc5 11. e5 Nfd7 12. Be4 Ra7 13. Bf4 O-O 14. Rc1 Bb7
15. Bxb7 Rxb7 16. Ne4 Rc7 17. Ke2 Rfc8 18. Bd2 Be7 19. Rxc7 Rxc7 20. Bc3 Nc6
21. Rd1 Kf8 22. h4 Nb6 23. h5 h6 24. Bd2 Nc4 25. b3 Nxd2 26. Rxd2 Nb4 27. Kd1
Ke8 28. g4 Nd5 29. Rc2 Rxc2 30. Kxc2 Nb4+ 31. Kb2 g6 32. a3 Nd5 33. hxg6 fxg6
34. g5 h5 35. b4 Nf4 36. Kc2 Nd5 37. Kd3 Nb6 38. Nh4 Kf7 39. f4 Nc4 40. Kd4
Nxa3 41. Nd6+ Kg7 42. Ne8+ Kg8 43. Nc7 Kf7 44. Nxa6 Nc4 45. Nc5 Nb6 46. Nb7 Kg7
47. Nd6 Nd5 48. Ne8+ Kf7 49. Nd6+ Kg7 50. Ne8+ Kf7 51. Nd6+ Kg7 1/2-1/2

[Event "5MCR_4D_1L_2S"]
[Site "?"]
[Date "2002.??.??"]
[Round "?"]
[White "Janous, Petr"]
[Black "Blatsky, Libor"]
[Result "1/2-1/2"]
[WhiteElo "2295"]
[BlackElo "2295"]
[PlyCount "77"]
[EventDate "2002.??.??"]
[EventType "corr"]
[SourceDate "2004.??.??"]

1. e4 e5 2. Nf3 Nf6 3. d4 Nxe4 4. Bd3 d5 5. Nxe5 Nd7 6. Nxd7 Bxd7 7. O-O Bd6 8.
c4 c6 9. cxd5 cxd5 10. Qh5 O-O 11. Qxd5 Bc6 12. Qh5 g6 13. Qh3 Ng5 14. Qg4 Ne6
15. Bh6 Re8 16. Nc3 Nxd4 17. Rad1 Be5 18. f4 f5 19. Qh3 Bf6 20. Bg5 Bxg5 21.
Bc4+ Kh8 22. fxg5 Qb6 23. Kh1 Qxb2 24. Rxd4 Re3 25. Nd1 Qxd4 26. Nxe3 Re8 27.
Qh6 Qxe3 28. Rxf5 Bd5 29. Rf8+ Bg8 30. h3 Qe1+ 31. Kh2 Qe7 32. Rxe8 Qxe8 33.
Qh4 Qe3 34. Bxg8 Kxg8 35. Qc4+ Kf8 36. Qc8+ Kf7 37. Qxb7+ Ke6 38. h4 Ke5 39.
Qxh7 1/2-1/2

[Event "5MCR_4D_1L_2S"]
[Site "?"]
[Date "2002.??.??"]
[Round "?"]
[White "Janous, Petr"]
[Black "Gresek, Jaromir"]
[Result "1/2-1/2"]
[WhiteElo "2295"]
[BlackElo "2015"]
[PlyCount "86"]
[EventDate "2002.??.??"]
[EventType "corr"]
[SourceDate "2004.??.??"]

1. e4 c5 2. Nf3 d6 3. d4 cxd4 4. Nxd4 Nf6 5. Nc3 Nc6 6. Bg5 e6 7. Qd2 a6 8.
O-O-O h6 9. Be3 Be7 10. f4 Bd7 11. Kb1 b5 12. Bd3 O-O 13. h3 Nxd4 14. Bxd4 Bc6
15. Qe3 Qc7 16. e5 dxe5 17. Bxe5 Qb7 18. Rhe1 Rfd8 19. g4 b4 20. Ne2 Nd5 21.
Qg3 b3 22. axb3 Nb4 23. Nd4 a5 24. g5 hxg5 25. fxg5 Nxd3 26. Nxc6 Qxc6 27. Rxd3
Rxd3 28. Qxd3 a4 29. g6 axb3 30. gxf7+ Kxf7 31. cxb3 Qg2 32. Bc3 Rd8 33. Qf1+
Qxf1 34. Rxf1+ Bf6 35. Kc2 Ke7 36. Re1 Rh8 37. Re3 Kd6 38. Kd3 e5 39. b4 Kd5
40. Rg3 Rh5 41. b5 e4+ 42. Ke2 Kc5 43. Bxf6 gxf6 1/2-1/2

[Event "5MCR_4D_1L_2S"]
[Site "?"]
[Date "2002.??.??"]
[Round "?"]
[White "Janous, Petr"]
[Black "Jirkovsky, Tomas"]
[Result "1-0"]
[WhiteElo "2295"]
[BlackElo "2180"]
[PlyCount "75"]
[EventDate "2002.??.??"]
[EventType "corr"]
[SourceDate "2004.??.??"]

1. e4 c6 2. d4 d5 3. e5 Bf5 4. Nf3 e6 5. Be2 Nd7 6. O-O h6 7. b3 c5 8. Bb2 Ne7
9. c4 dxc4 10. Bxc4 a6 11. Re1 b5 12. Bf1 Nc6 13. Nbd2 cxd4 14. Nxd4 Nxd4 15.
Bxd4 Ba3 16. Ne4 O-O 17. Nd6 Bg6 18. Qg4 Qc7 19. Red1 Rfd8 20. h4 Nb6 21. h5
Bc2 22. Rdc1 Nd5 23. Bd3 Nb4 24. Be4 Rab8 25. Qe2 Bxc1 26. Rxc1 f5 27. Rxc2
Nxc2 28. Bxc2 Rbc8 29. Bd1 Qc1 30. b4 Rc4 31. Bb2 Qb1 32. a3 Re4 33. Qd2 Rc4
34. g3 Qa2 35. Kg2 Rc7 36. Bf3 Qb1 37. Bc3 Rdd7 38. Qd4 1-0

[Event "5MCR_4D_1L_2S"]
[Site "?"]
[Date "2002.??.??"]
[Round "?"]
[White "Janous, Petr"]
[Black "Plesek, Jiri"]
[Result "1/2-1/2"]
[WhiteElo "2295"]
[BlackElo "2400"]
[PlyCount "56"]
[EventDate "2002.??.??"]
[EventType "corr"]
[SourceDate "2004.??.??"]

1. e4 e5 2. Nf3 Nc6 3. Bb5 a6 4. Ba4 Nf6 5. O-O Be7 6. Re1 b5 7. Bb3 O-O 8. c3
d5 9. exd5 Nxd5 10. Nxe5 Nxe5 11. Rxe5 c6 12. d4 Bd6 13. Re2 Qh4 14. g3 Qh3 15.
Nd2 Bf5 16. a4 Rae8 17. Rxe8 Rxe8 18. Nf1 b4 19. Bxd5 cxd5 20. cxb4 Bxb4 21.
Ne3 Re6 22. Ng2 h6 23. Bd2 Bg4 24. Qc2 Bd6 25. Qc8+ Kh7 26. Qxa6 Be2 27. Qc8
Bf3 28. Nh4 Re1+ 1/2-1/2

[Event "5MCR_4D_1L_2S"]
[Site "?"]
[Date "2002.??.??"]
[Round "?"]
[White "Janous, Petr"]
[Black "Pokrupa, Marek"]
[Result "1-0"]
[WhiteElo "2295"]
[BlackElo "2200"]
[PlyCount "65"]
[EventDate "2002.??.??"]
[EventType "corr"]
[SourceDate "2004.??.??"]

1. e4 c5 2. Nf3 Nc6 3. d4 cxd4 4. Nxd4 g6 5. c4 Nf6 6. Nc3 Bg7 7. Be3 O-O 8.
Be2 b6 9. O-O Bb7 10. f3 e6 11. Qd2 Qe7 12. Rfe1 Rfd8 13. Bf1 Nxd4 14. Bxd4 Ne8
15. Bf2 Nc7 16. Rad1 d6 17. a4 Bc6 18. Nb5 a6 19. Nc3 Rab8 20. b3 Qf8 21. Ne2
Be5 22. Nd4 Ba8 23. Bh4 Rd7 24. b4 Re8 25. f4 Bh8 26. Nf3 f6 27. b5 axb5 28.
axb5 Rb8 29. Qf2 Qf7 30. Nd4 e5 31. Nc6 Bxc6 32. bxc6 Rdd8 33. fxe5 1-0

[Event "5MCR_4D_1L_2S"]
[Site "?"]
[Date "2002.??.??"]
[Round "?"]
[White "Janous, Petr"]
[Black "Ramik, Jiri"]
[Result "1/2-1/2"]
[WhiteElo "2295"]
[BlackElo "2340"]
[PlyCount "70"]
[EventDate "2002.??.??"]
[EventType "corr"]
[SourceDate "2004.??.??"]

1. e4 e6 2. d4 d5 3. Nc3 Nf6 4. e5 Nfd7 5. f4 c5 6. Nf3 Nc6 7. Be3 cxd4 8. Nxd4
Bc5 9. Qd2 Bxd4 10. Bxd4 Nxd4 11. Qxd4 Qb6 12. Nb5 Qxd4 13. Nxd4 Ke7 14. h4 Nc5
15. Kd2 Bd7 16. h5 h6 17. g4 f6 18. Ke3 fxe5 19. fxe5 Rhf8 20. Rg1 Be8 21. c4
dxc4 22. Bxc4 Rd8 23. Rac1 a5 24. a3 Bf7 25. Rgd1 a4 26. Rc3 Be8 27. Be2 b6 28.
Bf3 Rg8 29. Be4 Bd7 30. g5 hxg5 31. Rg1 Rdf8 32. Rxg5 Rf1 33. Bf3 Re1+ 34. Be2
Rh1 35. Rc2 Rh3+ 1/2-1/2

[Event "5MCR_4D_1L_2S"]
[Site "?"]
[Date "2002.??.??"]
[Round "?"]
[White "Janous, Petr"]
[Black "Trexler, Evzen"]
[Result "1/2-1/2"]
[WhiteElo "2295"]
[BlackElo "2365"]
[PlyCount "43"]
[EventDate "2002.??.??"]
[EventType "corr"]
[SourceDate "2004.??.??"]

1. e4 e5 2. Nf3 Nf6 3. Nxe5 d6 4. Nf3 Nxe4 5. d4 d5 6. Bd3 Be7 7. O-O Nc6 8.
Re1 Bg4 9. Bxe4 dxe4 10. Rxe4 Bxf3 11. Qxf3 Nxd4 12. Qd3 Ne6 13. Qe2 O-O 14.
Bd2 Bf6 15. Nc3 c6 16. Re1 Qc7 17. Nd1 Rad8 18. Bc3 Bxc3 19. Nxc3 Rd4 20. a3
Rxe4 21. Nxe4 Qe5 22. Nc3 1/2-1/2

[Event "5MCR_4D_1L_2S"]
[Site "?"]
[Date "2002.??.??"]
[Round "?"]
[White "Jirk, Ales"]
[Black "Alexa, Jaroslav"]
[Result "1/2-1/2"]
[WhiteElo "2210"]
[BlackElo "2365"]
[PlyCount "51"]
[EventDate "2002.??.??"]
[EventType "corr"]
[SourceDate "2004.??.??"]

1. e4 c5 2. Nf3 Nc6 3. d4 cxd4 4. Nxd4 Nf6 5. Nc3 e5 6. Ndb5 d6 7. Bg5 a6 8.
Na3 b5 9. Bxf6 gxf6 10. Nd5 f5 11. c3 Bg7 12. exf5 Bxf5 13. Nc2 Be6 14. g3 O-O
15. Bg2 a5 16. O-O Rb8 17. Qe2 Ne7 18. Rad1 f5 19. Nd4 Bd7 20. Nxe7+ Qxe7 21.
Nc6 Bxc6 22. Bxc6 b4 23. Qd3 e4 24. Qxd6 Qxd6 25. Rxd6 bxc3 26. bxc3 1/2-1/2